History of Russian Revolution (urdu) (Record no. 311762)

000 -LEADER
fixed length control field 00304 a2200121 4500
001 - CONTROL NUMBER
control field 76689
082 ## - DEWEY DECIMAL CLASSIFICATION NUMBER
Classification number 947.08 PAR
090 ## - LOCALLY ASSIGNED LC-TYPE CALL NUMBER (OCLC); LOCAL CALL NUMBER (RLIN)
-- 39207
-- 39207
100 ## - MAIN ENTRY--PERSONAL NAME
Personal name Kushan Parshad Kol
245 ## - TITLE STATEMENT
Title History of Russian Revolution (urdu)
Statement of responsibility, etc. Kushan Parshad Kol
Medium urdu
260 ## - PUBLICATION, DISTRIBUTION, ETC.
Place of publication, distribution, etc. Book Time
Name of publisher, distributor, etc. 2010
300 ## - PHYSICAL DESCRIPTION
Extent 207 p
942 ## - ADDED ENTRY ELEMENTS (KOHA)
Institution code [OBSOLETE] caenust
Call number prefix 947.08 PAR
Holdings
Withdrawn status Lost status Damaged status Not for loan Collection code Permanent Location Current Location Date acquired Total Checkouts Full call number Barcode Date last seen Price effective from Koha item type
          College of Aeronautical Engineering (CAE) College of Aeronautical Engineering (CAE) 04/03/2017   947.08 PAR CAE82143 04/05/2017 04/05/2017 Book
© 2023 Central Library, National University of Sciences and Technology. All Rights Reserved.